000 00414nam a2200181Ia 4500
001 1314
005 20260306143719.0
008 260306t1954||||xx |||||||||||||| ||spa||
041 _aESP
082 _a193
_bS29
100 _aScheler, Max
_eAUT
245 0 _aPhilosophische weltanschauung
260 _c1954
300 _a135 páginas :
_c18 cm.
650 _aGEN
654 _aCHU
942 _cLIB
_dJUS
_fJUS
_2ddc
_n
999 _c1314
_d1314